=LDR 00000nam 2200000 4500 =001 INLIS000000000008269 =005 20130612100150 =008 ***********************************Ind** =035 ##$$0010-061300000008269 =041 ##$$a Ind =082 ##$$a 2x7.2 =090 ##$$a 2x7.2, Qar f =100 ##$$a Qaradhani, Yusuf =245 ##$$a Fatwa-fatwa kontemporer, Dr. Yusuf Al-Qardhawi ; penerjemah, Samson Rahman =260 ##$$a 2002 $b Jakarta =300 ##$$a xix, 1058 hlm, 24 cm =650 ##$$a Dakwah Islam